名前に「市」「町」「村」が含まれる市町村 - Statistics

General Stats
  • This quiz has been taken 694 times
  • The average score is 16 of 24
Answer Stats
都道府県 含まれる字 市町村名 % Correct
千葉県 市川市
95%
東京都 町田市
90%
千葉県 市原市
87%
三重県 四日市市
85%
東京都 東村山市
82%
広島県 廿日市市
80%
山形県 村山市
80%
長野県 大町市
78%
東京都 武蔵村山市
78%
石川県 野々市市
75%
長崎県 大村市
75%
新潟県 村上市
74%
新潟県 十日町市
71%
山梨県 市川三郷町
63%
富山県 上市町
58%
宮城県 村田町
58%
東京都 羽村市
56%
兵庫県 市川町
55%
佐賀県 大町町
55%
北海道 余市町
53%
福島県 田村市
53%
栃木県 市貝町
52%
奈良県 下市町
42%
群馬県 玉村町
36%
No matching quizzes found
Score Distribution
Percent of People with Each Score
Percentile by Number Answered
Your Score History
You have not taken this quiz